Graphics Programming Solutions / For IBM PCs and Compatibles - VGA, SuperVGA, and XGA - Real-Time Animation - Bit-Mapped Graphics (Record no. 1413)
[ view plain ]
| 000 -LEADER | |
|---|---|
| fixed length control field | 01146cam a22002054a 4500 |
| 005 - ΗΜΕΡΟΜΗΝΙΑ ΚΑΙ ΩΡΑ ΤΕΛΕΥΤΑΙΑΣ ΕΝΗΜΕΡΩΣΗΣ | |
| Πεδίο ελέγχου | 20250605164008.0 |
| 008 - FIXED-LENGTH DATA ELEMENTS--GENERAL INFORMATION | |
| Πεδίο ελέγχου σταθερού μήκους | 250528s ||||||||||||||||||||||||d |
| 035 ## - SYSTEM CONTROL NUMBER | |
| System control number | 15864 |
| 020 ## - ISBN | |
| ISBN | 79114652 |
| 040 ## - ΠΗΓΗ ΚΑΤΑΛΟΓΟΓΡΑΦΗΣΗΣ | |
| Φορέας πρωτότυπης καταλογογράφησης | MC Athens Campus Library |
| Γλώσσα καταλογογράφησης | Ελληνικά, Μοντέρνα (1453-) |
| Modifying agency | MC Athens Campus Library |
| Κανόνες περιγραφικής καταλογογράφησης | AACR2 |
| 245 1# - ΤΙΤΛΟΣ ΚΑΙ ΔΗΛΩΣΗ ΥΠΕΥΘΥΝΟΤΗΤΑΣ | |
| Τίτλος | Graphics Programming Solutions / For IBM PCs and Compatibles - VGA, SuperVGA, and XGA - Real-Time Animation - Bit-Mapped Graphics |
| 260 ## - PUBLICATION, DISTRIBUTION, ETC. | |
| Name of publisher, distributor, etc. | Mcgraw Hill, Inc, |
| Date of publication, distribution, etc. | 1993 |
| 300 ## - PHYSICAL DESCRIPTION | |
| Extent | 510 |
| 520 ## - SUMMARY, ETC. | |
| Summary, etc. | The fundamental tools required for developing quality, high-resolution graphics applications on VGA, XGA, and Super VGA systems. Introduction to Microcomputer Graphics, VGA Architecture, VGA Device Drivers, VGA Setup and Text and Bitmap Primitives, VGA Geometrical Primitives, The XGA and 8514/A Adapter Interface, XGA Architecture and Programming, Super VGA Programming, Animation, Bit-Mapped Graphics, Programming Graphics Hardcopy Devices, Installing the Software, Using the Library Software, IBM BIOS Data and Video Services, Bibliography, Index. |
| 700 1# - ΠΡΟΣΘΕΤΗ ΑΝΑΓΡΑΦΗ--ΦΥΣΙΚΟ ΠΡΟΣΩΠΟ | |
| Personal name | Canton P. Maria |
| 9 (RLIN) | 1885 |
| 700 1# - ΠΡΟΣΘΕΤΗ ΑΝΑΓΡΑΦΗ--ΦΥΣΙΚΟ ΠΡΟΣΩΠΟ | |
| Personal name | Sanchez Julio |
| 9 (RLIN) | 1886 |
| 942 ## - ADDED ENTRY ELEMENTS (KOHA) | |
| Koha item type | Books |
| Τύπος τεκμηρίου | Βιβλιοθήκη | Τρέχουσα τοποθεσία | Barcode | Αριθμός εισαγωγής | Ημερομηνία απόκτησης | Ταξιθετικό σύμβολο | Αριθμός αντιτύπου | Κατάσταση απόσυρσης | Κατάσταση χαμένου | Κατάσταση κατεστραμμένου | Μη δανεισμός | Σύνολο δανεισμών | Ημερομηνία τελευταίας εμφάνισης | Η τιμή ισχύει από |
|---|---|---|---|---|---|---|---|---|---|---|---|---|---|---|
| Books | MC Athens Campus Library | MC Athens Campus Library | 9780000014122 | 2472 | 05/06/2025 | 006.7/765 SAN | 1 | 05/06/2025 | 05/06/2025 |